<?xml version="1.0" encoding="UTF-8"?>
<collection xmlns="http://www.loc.gov/MARC21/slim">
 <record>
  <leader>01728cam a22003731a 4500</leader>
  <controlfield tag="001">000041315</controlfield>
  <controlfield tag="003">17615</controlfield>
  <controlfield tag="005">20230415102203.0</controlfield>
  <controlfield tag="008">170601s2014    vm            000   vie</controlfield>
  <datafield tag="040" ind1=" " ind2=" ">
   <subfield code="a">LNN</subfield>
  </datafield>
  <datafield tag="041" ind1=" " ind2=" ">
   <subfield code="a">vie</subfield>
  </datafield>
  <datafield tag="082" ind1=" " ind2=" ">
   <subfield code="a">327.73</subfield>
   <subfield code="b">VO-P</subfield>
  </datafield>
  <datafield tag="100" ind1=" " ind2=" ">
   <subfield code="a">Võ, Thị Thùy Phương</subfield>
  </datafield>
  <datafield tag="245" ind1=" " ind2="0">
   <subfield code="a">CHÍNH SÁCH ĐỐI NGOẠI CỦA MỸ DƯỚI THỜI TỔNG THỐNG BILL CLINTON GIAI ĐOẠN 1993-2001 /</subfield>
   <subfield code="c">Võ Thị Thùy Phương.</subfield>
  </datafield>
  <datafield tag="260" ind1=" " ind2=" ">
   <subfield code="a">ĐHNN,</subfield>
   <subfield code="c">2014.</subfield>
  </datafield>
  <datafield tag="300" ind1=" " ind2=" ">
   <subfield code="a">71tr . : ill ; 30cm.</subfield>
  </datafield>
  <datafield tag="490" ind1=" " ind2=" ">
   <subfield code="a">Luan van Sinh vien</subfield>
   <subfield code="b">Chuyen nghanh Quoc te hoc</subfield>
  </datafield>
  <datafield tag="520" ind1=" " ind2=" ">
   <subfield code="a">Nhung nhan to tac dong den chinh sach doi ngoai ngoai cua My duoi thoi tong thong Bill Clinton giai doan 1993-2001.Noi dung chinh sach doi ngoai cua My duoi thoi tong thong Bill Clinton giai doan 1993-2001.Thanh tuu,thach thuc doi voi nuoc My duoi thoi tong thong Bill Clinton va quan he Viet-My trong giai doan 1993-2001.</subfield>
  </datafield>
  <datafield tag="650" ind1=" " ind2=" ">
   <subfield code="a">CHÍNH SÁCH ĐỐI NGOẠI CỦA MỸ THỜI TỔNG THỐNG BILL CLINTON</subfield>
  </datafield>
  <datafield tag="653" ind1=" " ind2=" ">
   <subfield code="a">Võ, Thị Thùy Phương,2014,CHÍNH SÁCH ĐỐI NGOẠI CỦA MỸ THỜI TỔNG THỐNG BILL CLINTON</subfield>
  </datafield>
  <datafield tag="816" ind1=" " ind2=" ">
   <subfield code="b">Luan van tot nghiep</subfield>
   <subfield code="c">Quoc te hoc</subfield>
  </datafield>
  <datafield tag="OWN" ind1=" " ind2=" ">
   <subfield code="a">LNN</subfield>
  </datafield>
  <datafield tag="AVA" ind1=" " ind2=" ">
   <subfield code="a">UDN50</subfield>
   <subfield code="b">LNN</subfield>
   <subfield code="c">Theses</subfield>
   <subfield code="d">327.73 VO-P</subfield>
   <subfield code="e">available</subfield>
   <subfield code="t">Error 5001 Not defined in file expand_doc_bib_avail.</subfield>
   <subfield code="f">2</subfield>
   <subfield code="g">0</subfield>
   <subfield code="h">N</subfield>
   <subfield code="i">0</subfield>
   <subfield code="j">LA</subfield>
  </datafield>
  <datafield tag="999" ind1=" " ind2=" ">
   <subfield code="a">From the UDN01</subfield>
  </datafield>
  <datafield tag="AVA" ind1=" " ind2=" ">
   <subfield code="a">UDN50</subfield>
   <subfield code="b">LNN</subfield>
   <subfield code="c">Theses</subfield>
   <subfield code="d">327.73 VO-P</subfield>
   <subfield code="e">available</subfield>
   <subfield code="t">Error 5001 Not defined in file expand_doc_bib_avail.</subfield>
   <subfield code="f">2</subfield>
   <subfield code="g">0</subfield>
   <subfield code="h">N</subfield>
   <subfield code="i">0</subfield>
   <subfield code="j">LA</subfield>
  </datafield>
  <datafield tag="TYP" ind1=" " ind2=" ">
   <subfield code="a">Monograph</subfield>
  </datafield>
  <datafield tag="TYP" ind1=" " ind2=" ">
   <subfield code="a">Printed language</subfield>
  </datafield>
  <datafield tag="980" ind1=" " ind2=" ">
   <subfield code="a">Mạng thư viện Đại học Đà Nẵng</subfield>
  </datafield>
 </record>
</collection>
